Indie Game By Image A-Z - Statistics

General Stats
  • This quiz has been taken 100 times
  • The average score is 12 of 26
Answer Stats
Picture Answer % Correct
Hollow Knight
91%
Undertale
91%
Five Nights At Freddy’s
90%
Celeste
82%
Little Nightmares
82%
Papers Please
80%
Omori
78%
Jump King
57%
Garten of Banban
55%
Baba Is You
54%
The Impossible Quiz
53%
Kerbal Space Program
47%
Night in the Woods
46%
World of Goo
44%
A Short Hike
41%
Animal Well
40%
VVVVVV
40%
QWOP
33%
Rivals of Aether
25%
Machinarium
15%
Yoku’s Island Express
10%
Endling: Extinction is Forever
7%
The Desolate Hope
6%
Toree 3D
5%
XEL
2%
ZeroRanger
2%
No matching quizzes found
Score Distribution
Percent of People with Each Score
Percentile by Number Answered
Your Score History
You have not taken this quiz